| 000 | 00564nam a2200157 4500 | ||
|---|---|---|---|
| 008 | 040603s2003 phi 0 eng | ||
| 020 | _a9715049680 | ||
| 090 |
_aLC507.P5 _bM31c |
||
| 100 | 1 | _aManingas, Ismael Ireneo | |
| 245 | 1 | 0 |
_aContemporary approaches in religious education / _cIsmael Ireneo Maningas. |
| 260 |
_aMakati : _bSt. Pauls, _cc2003. |
||
| 300 | _a123 p. | ||
| 651 | 4 |
_aCatholic Church _xEducation _zPhilippines. |
|
| 651 | 4 |
_aChristian education _xPhilosophy _zPhilippines. |
|
| 951 |
_p27087 _x00028306 _oLC507.P5/M31c _j070613111358437 _d2000-12-21 _cFIL |
||
| 999 |
_c20152 _d20152 |
||